Normal view
MARC view
- Cruz Pérez, Víctor de la,
Entry Nombre Personal
001 - NUMERO DE CONTROL
- campo de control: 41617
003 - IDENTIFICADOR DE NUMERO DE CONTROL
- campo de control: UPN
005 - FECHA Y HORA DE LA ÜLTIMA TRANSACCIÓN
- campo de control: 20210219194610.0
008 - DATOS DE LONGITUD FIJA
- campo de control de longitud fija: nabaccnnaabn|||||||||| b |nc|||||d
035 ## - NUMERO DE CONTROL
- Número de control: UPN11000013724
040 ## - FUENTE DE CATALOGACIÓN
- Lenguaje de catalogación: SPA
- Agencia de transcripción: UPN
100 1# - ENCABEZAMIENTO - NOMBRE PERSONAL
- Nombre personal: Cruz Pérez, Víctor de la,
- Fechas asociadas con el nombre: 1948-2015
670 ## - FUENTE EN LA QUE SE LOCALIZARON DATOS
- Cita de la fuente: T
- Uniform Resource Identifier: Wikipedia
680 ## - NOTA PUBLICA DE ACCESO PÚBLICO
- Frase explicativa de la referencia: Letrado, poeta, maestro, investigador especialista en estudios mesoamericanos, mexicano de origen zapoteca, nacido en Juchitán de Zaragoza, Oaxaca. Traductor de la lengua zapoteca. Miembro correspondiente (en Juchitán, Oaxaca) de la Academia Mexicana de la Lengua nombrado en agosto de 2011
902 ## - CATALOGADOR
- Catalogador: EMR/100818
